| 000 | 00825nam a2200193Ia 4500 | ||
|---|---|---|---|
| 003 | GCL | ||
| 008 | 140319s9999 xx 000 0 ara d | ||
| 040 |
_aGCL / _cGCL |
||
| 082 | 0 | 4 |
_a390.0956531 _bف ت |
| 100 | 1 | _aفراس حياوى السامرائى | |
| 245 | 1 | 0 |
_aالتقاليد والعادات الدمشقية خلال عهود السلجوقيين - الزنكيين - الايوبيين / _cفراس حياوى السامرائى |
| 260 |
_aسوريا : _bالاوائل للنشر والتوزيع ، _c2004 |
||
| 300 |
_a335 ص ؛ _c24 سم |
||
| 650 | 0 | 4 | _aالزواج - العادات والتقاليد |
| 650 | 0 | 4 | _aسوريا - العادات والتقاليد |
| 650 | 0 | 4 | _aدمشق - العادات والتقاليد |
| 650 | 0 | 4 | _aدمشق - الاحوال الاجتماعية |
| 942 |
_2ddc _cBK |
||
| 999 |
_c8511 _d8511 |
||